00423nam a2200145Ia 4500003000400000008004100004020002700045040000800072100002500080245010600105250001200211260002800223300001400251365001200265LDD181029s9999 xx 000 0 und d a9781138173590cP 95.00 cLDD aMcCall, Catherine C. 0aTransforming thinkingbphilosophical inquiry in the primary and secondary classrcCatherine C. McCall a3rd ed. aLondonbRoutledgec2016 axiii, 225 bP 95.00